Pays à l'envers (click quiz) - Statistiques

Statistiques générales
  • Ce quiz a été pris 105 fois
  • Le résultat moyen est 20 sur 21
Statistiques - réponses
Hint Réponse % Correct
Abuc Cuba
99%
Aynek Kenya
99%
Agnot Tonga
99%
Anahg Ghana
98%
Anawstob Botswana
97%
Adnawr Rwanda
96%
Aknal Irs Sri Lanka
96%
Alametaug Guatemala
94%
Amanap Panama
94%
Alogna Angola
93%
Adubrab-te-augitna Antigua-et-Barbuda
93%
Acir Atsoc Costa Rica
93%
Augaracin Nicaragua
93%
Adnaguo Ouganda
93%
Aleuzenev Venezuela
93%
Airébil Libéria
92%
Airégin Nigéria
92%
Adanac Canada
91%
Anikrub Burkina
90%
Anayug Guyana
90%
Aomas Samoa
89%
Aucun quiz correspondant
Distribution des résultats
% des personnes avec chaque résultat
Percentile par nombre de réponses
Votre historique - résultats
Vous n’avez pas pris ce quiz